000 00252nam a22001097a 4500
008 160510b xxu||||| |||| 00| 0 eng d
020 _a0131963163
041 _aeng
080 _a547
245 _aKimia organike:
_cPaula Yurkais Bruice;
942 _2udc
_cBK
999 _c1947
_d1947